000 00750cam a22002413a 4500
001 31162
003 PGUSA
005 20140828083656.0
008 100203s2010||||xxu|||||s|||||000 | eng d
040 _aPGUSA
_beng
042 _adc
050 4 _aAP
245 1 4 _aThe International Monthly, Volume 5, No. 3, March, 1852
_h[electronic resource] /
_cVarious
260 _bProject Gutenberg,
_c2010
506 _aPublic domain in the USA.
516 _aElectronic text
653 _aArt, Modern -- 19th century -- Periodicals
653 _aScience -- History -- Periodicals
653 _aLiterature, Modern -- 19th century -- Periodicals
830 0 _aProject Gutenberg
_v31162
856 4 0 _uhttp://www.gutenberg.org/ebooks/31162
942 _cEB
999 _c260417
_d260417